Polacy - nagła śmierć - Statystyki

Ogólne statystyki
  • Ten quiz został rozwiązany 564 razy
  • Średni wynik to 17 z 28
Answers on the Grid
Answers color-coded by a green-red scale on the quiz's grid according to % correct below.
Adam Czartoryski
Adolf Hitler
Andrzej Duda
Andrzej Wajda
Bohdan Chmielnicki
Bolesław Prus
Bona Sforza
Daniel Olbrychski
Donald Tusk
Eugeniusz Kwiatkowski
Franciszek Liszt
Fryderyk Chopin
Henryk Walezy
Ignacy Łukasiewicz
Irena Szewińska
Jan Czerski
Jan Hus
Jan Jakub Rousseau
Jan Matejko
Jan Paweł II
Józef Bem
Józef Piłsudski
Józef Stalin
Julian Tuwim
Kazimierz Deyna
Kazimierz Pułaski
Krzysztof Krawczyk
Lech Wałęsa
Ludwik Węgierski
Ludwik Zamenhof
Maria Skłodowska-Curie
Mikołaj Kopernik
Nikola Tesla
Olaf Lubaszenko
Otto Skorzeny
Pál Teleki
Robert Lewandowski
Stefan Żeromski
Steve Wozniak
Święty Wojciech
Vaclav Havel
Władimir Putin
Władysław Reymont
Zofia Nałkowska
 
Statystyki odpowiedzi
Odpowiedź % Poprawnych
Andrzej Duda
92%
Andrzej Wajda
88%
Adam Czartoryski
80%
Bolesław Prus
74%
Donald Tusk
74%
Fryderyk Chopin
71%
Jan Paweł II
68%
Lech Wałęsa
65%
Daniel Olbrychski
63%
Mikołaj Kopernik
63%
Jan Matejko
62%
Józef Piłsudski
62%
Julian Tuwim
60%
Krzysztof Krawczyk
60%
Maria Skłodowska-Curie
60%
Robert Lewandowski
60%
Stefan Żeromski
57%
Władysław Reymont
56%
Irena Szewińska
54%
Eugeniusz Kwiatkowski
53%
Ignacy Łukasiewicz
52%
Kazimierz Deyna
50%
Zofia Nałkowska
50%
Kazimierz Pułaski
47%
Józef Bem
45%
Olaf Lubaszenko
41%
Jan Czerski
28%
Ludwik Zamenhof
25%
Nie znaleziono quizów pasujących do podanych kryteriów
Rozkład punktacji
Procent ludzi z każdym wynikiem
Percentyl według liczby udzielonych odpowiedzi
Twoja historia wyników
Nie rozwiązałeś tego quizu